[Event "DVM U20w 2020"]
[Site "Willingen GER"]
[Date "2021.06.24"]
[Round "2"]
[White "Peglau, Dora"]
[Black "Bardorz, Jana"]
[Result "1/2-1/2"]
[Termination "normal"]
[Board "1.2"]
[WhiteElo "1673"]
[BlackElo "1939"]
[WhiteClock "00:30:42"]
[BlackClock "00:29:15"]
[WhiteTeam "Schachzentrum Seeblick e. V."]
[BlackTeam "SC Bavaria Regensburg von 1881 e.V."]
[PlyCount "114"]
[WhiteFideId "16220005"]
[BlackFideId "16208897"]
[EventCountry "GER"]
[EventRounds "7"]
[EventType "team-swiss"]
[EventDate "2021.06.23"]

1. d4 {[%clk 01:30:57]  [%emt 00:00:03]} 1... Nf6 { [%clk 01:30:52]  [%emt
00:00:07]} 2. c4 {[%clk 01:31:20]  [%emt 00:00:07]} 2... g6 {[%clk 01:31:13] 
[%emt 00:00:10]} 3. f3 {[%clk 01:31:43]  [%emt 00:00:07]} 3... Bg7 {[%clk
01:31:31]  [%emt 00:00:11]} 4. e4 { [%clk 01:32:05]  [%emt 00:00:08]} 4... d6
{[%clk 01:31:43]  [%emt 00:00:18]} 5. Nc3 {[%clk 01:32:26]  [%emt 00:00:09]}
5... O-O { [%clk 01:32:05]  [%emt 00:00:08]} 6. Be3 {[%clk 01:32:46]  [%emt
00:00:10]} 6... a6 {[%clk 01:31:53]  [%emt 00:00:42]} 7. Qd2 { [%clk 01:32:01] 
[%emt 00:01:16]} 7... Nbd7 {[%clk 01:31:50]  [%emt 00:00:34]} 8. Nh3 {[%clk
01:31:40]  [%emt 00:00:50]} 8... c5 { [%clk 01:27:33]  [%emt 00:04:47]} 9. d5
{[%clk 01:28:18]  [%emt 00:03:51]} 9... Ne5 {[%clk 01:21:10]  [%emt 00:06:54]}
10. Nf2 { [%clk 01:27:57]  [%emt 00:00:50]} 10... Qa5 {[%clk 01:17:32]  [%emt
00:04:09]} 11. Be2 {[%clk 01:19:16]  [%emt 00:09:11]} 11... Rb8 { [%clk
01:07:22]  [%emt 00:10:40]} 12. a4 {[%clk 01:12:52]  [%emt 00:06:53]} 12... Qb4
{[%clk 01:02:50]  [%emt 00:05:02]} 13. Ncd1 { [%clk 01:05:51]  [%emt 00:07:31]}
13... Qxd2+ {[%clk 01:02:06]  [%emt 00:01:14] } 14. Bxd2 {[%clk 01:06:05] 
[%emt 00:00:16]} 14... e6 { [%clk 00:58:36]  [%emt 00:04:00]} 15. O-O {[%clk
01:02:25]  [%emt 00:04:10]} 15... exd5 {[%clk 00:56:23]  [%emt 00:02:43]} 16.
cxd5 { [%clk 00:58:58]  [%emt 00:03:58]} 16... b5 {[%clk 00:54:25]  [%emt
00:02:27]} 17. axb5 {[%clk 00:57:21]  [%emt 00:02:08]} 17... axb5 { [%clk
00:54:48]  [%emt 00:00:06]} 18. b3 {[%clk 00:48:30]  [%emt 00:09:22]} 18... Ne8
{[%clk 00:45:23]  [%emt 00:09:54]} 19. Ra5 { [%clk 00:45:28]  [%emt 00:03:31]}
19... Nc7 {[%clk 00:42:09]  [%emt 00:03:45]} 20. Nd3 {[%clk 00:36:41]  [%emt
00:09:17]} 20... f5 { [%clk 00:34:04]  [%emt 00:08:35]} 21. Bc3 {[%clk
00:30:00]  [%emt 00:07:11]} 21... Re8 {[%clk 00:31:53]  [%emt 00:02:42]} 22.
Nxe5 { [%clk 00:15:06]  [%emt 00:15:23]} 22... Bxe5 {[%clk 00:32:11]  [%emt
00:00:13]} 23. Bd3 {[%clk 00:13:58]  [%emt 00:01:37]} 23... Bxc3 { [%clk
00:25:00]  [%emt 00:07:41]} 24. Nxc3 {[%clk 00:14:27]} 24... b4 { [%clk
00:25:11]  [%emt 00:00:19]} 25. Nd1 {[%clk 00:12:39]  [%emt 00:02:17]} 25...
Bd7 {[%clk 00:22:45]  [%emt 00:02:57]} 26. Nb2 { [%clk 00:08:36]  [%emt
00:04:34]} 26... Bb5 {[%clk 00:20:38]  [%emt 00:02:37]} 27. Bxb5 {[%clk
00:08:28]  [%emt 00:00:38]} 27... Nxb5 { [%clk 00:20:45]  [%emt 00:00:22]} 28.
Nc4 {[%clk 00:07:14]  [%emt 00:01:44]} 28... Re7 {[%clk 00:15:32]  [%emt
00:05:44]} 29. Rfa1 { [%clk 00:05:51]  [%emt 00:01:53]} 29... Nd4 {[%clk
00:12:22]  [%emt 00:03:39]} 30. Ra8 {[%clk 00:05:21]  [%emt 00:01:01]} 30...
Rxa8 {[%emt 00:00:58]} 31. Rxa8+ {[%clk 00:05:49]} 31... Kg7 {[%clk 00:12:13] 
[%emt 00:00:12]} 32. Nxd6 { [%clk 00:05:24]  [%emt 00:00:56]} 32... fxe4 {[%clk
00:10:08]  [%emt 00:02:35]} 33. Nxe4 {[%clk 00:05:28]  [%emt 00:00:26]} 33...
Nxb3 { [%clk 00:08:39]  [%emt 00:01:58]} 34. Rc8 {[%clk 00:04:51]  [%emt
00:01:08]} 34... Rd7 {[%clk 00:08:09]  [%emt 00:00:59]} 35. Nxc5 { [%clk
00:04:46]  [%emt 00:00:37]} 35... Nxc5 {[%clk 00:08:27]  [%emt 00:00:11]} 36.
Rxc5 {[%clk 00:05:10]  [%emt 00:00:06]} 36... b3 { [%clk 00:06:17]  [%emt
00:02:40]} 37. Rb5 {[%clk 00:05:29]  [%emt 00:00:12]} 37... h5 {[%clk 00:06:01]
 [%emt 00:00:44]} 38. Kf2 { [%clk 00:05:24]  [%emt 00:00:35]} 38... b2 {[%clk
00:05:29]  [%emt 00:01:02]} 39. g4 {[%clk 00:03:31]  [%emt 00:02:23]} 39...
hxg4 { [%clk 00:05:18]  [%emt 00:00:42]} 40. fxg4 {[%clk 00:03:51]  [%emt
00:00:10]} 40... Rxd5 {[%clk 00:04:20]  [%emt 00:01:28]} 41. Rxb2 { [%clk
00:04:09]  [%emt 00:00:12]} 41... Kf6 {[%clk 00:01:24]  [%emt 00:03:26]} 42.
Rb3 {[%clk 00:03:12]  [%emt 00:01:25]} 42... Kg5 { [%clk 00:29:18]  [%emt
00:02:37]} 43. Kg3 {[%clk 00:33:08]  [%emt 00:00:35]} 43... Kf6 {[%clk
00:28:52]  [%emt 00:00:56]} 44. h4 { [%clk 00:33:15]  [%emt 00:00:22]} 44...
Rd6 {[%clk 00:28:56]  [%emt 00:00:26]} 45. g5+ {[%clk 00:32:46]  [%emt
00:01:00]} 45... Kf7 { [%clk 00:29:14]  [%emt 00:00:12]} 46. Rf3+ {[%clk
00:31:55]  [%emt 00:01:21]} 46... Kg7 {[%clk 00:28:49]  [%emt 00:00:54]} 47.
Rc3 { [%clk 00:31:53]  [%emt 00:00:32]} 47... Ra6 {[%clk 00:27:32]  [%emt
00:01:48]} 48. Rc4 {[%clk 00:31:36]  [%emt 00:00:46]} 48... Ra3+ { [%clk
00:26:53]  [%emt 00:01:10]} 49. Kg4 {[%clk 00:31:42]  [%emt 00:00:24]} 49...
Ra5 {[%clk 00:26:39]  [%emt 00:00:44]} 50. h5 { [%clk 00:31:35]  [%emt
00:00:36]} 50... gxh5+ {[%clk 00:27:04]  [%emt 00:00:05] } 51. Kxh5 {[%clk
00:31:57]  [%emt 00:00:09]} 51... Ra6 { [%clk 00:27:20]  [%emt 00:00:14]} 52.
Rc7+ {[%clk 00:32:12]  [%emt 00:00:15]} 52... Kg8 {[%clk 00:27:34]  [%emt
00:00:15]} 53. Rc8+ { [%clk 00:30:38]  [%emt 00:02:05]} 53... Kg7 {[%clk
00:27:55]  [%emt 00:00:09]} 54. Rc7+ {[%clk 00:30:58]  [%emt 00:00:10]} 54...
Kg8 { [%clk 00:28:19]  [%emt 00:00:06]} 55. g6 {[%clk 00:31:12]  [%emt
00:00:16]} 55... Ra1 {[%clk 00:28:28]  [%emt 00:00:20]} 56. Kh6 { [%clk
00:30:17]  [%emt 00:01:25]} 56... Rh1+ {[%clk 00:28:52]  [%emt 00:00:06]} 57.
Kg5 {[%clk 00:30:42]  [%emt 00:00:06]} 57... Rg1+ { [%clk 00:29:15]  [%emt
00:00:06]} 1/2-1/2

[Event "DVM U20w 2020"]
[Site "Willingen GER"]
[Date "2021.06.24"]
[Round "2"]
[White "Oberhofer, Marie"]
[Black "Peglau, Sarah"]
[Result "0-1"]
[Termination "normal"]
[Board "1.3"]
[WhiteElo "1771"]
[BlackElo "1733"]
[WhiteClock "00:18:29"]
[BlackClock "00:23:18"]
[WhiteTeam "SC Bavaria Regensburg von 1881 e.V."]
[BlackTeam "Schachzentrum Seeblick e. V."]
[PlyCount "102"]
[WhiteFideId "12938165"]
[BlackFideId "16219961"]
[EventCountry "GER"]
[EventRounds "7"]
[EventType "team-swiss"]
[EventDate "2021.06.23"]

1. e4 {[%clk 01:30:56]  [%emt 00:00:04]} 1... e6 { [%clk 01:30:56]  [%emt
00:00:05]} 2. d4 {[%clk 01:31:04]  [%emt 00:00:21]} 2... d5 {[%clk 01:31:20] 
[%emt 00:00:06]} 3. e5 {[%clk 01:31:25]  [%emt 00:00:09]} 3... c5 {[%clk
01:31:44]  [%emt 00:00:06]} 4. c3 { [%clk 01:31:51]  [%emt 00:00:04]} 4... Nc6
{[%clk 01:32:10]  [%emt 00:00:05]} 5. Nf3 {[%clk 01:32:15]  [%emt 00:00:05]}
5... Bd7 { [%clk 01:30:40]  [%emt 00:02:00]} 6. Be2 {[%clk 01:32:36]  [%emt
00:00:09]} 6... Nge7 {[%clk 01:30:27]  [%emt 00:00:44]} 7. O-O { [%clk
01:32:21]  [%emt 00:00:45]} 7... Nf5 {[%clk 01:29:30]  [%emt 00:01:27]} 8. Be3
{[%clk 01:30:09]  [%emt 00:02:41]} 8... Qb6 { [%clk 01:25:28]  [%emt 00:04:33]}
9. Qd2 {[%clk 01:22:33]  [%emt 00:08:05]} 9... Rc8 {[%clk 01:23:54]  [%emt
00:02:04]} 10. dxc5 { [%clk 01:14:07]  [%emt 00:08:56]} 10... Bxc5 {[%clk
01:24:10]  [%emt 00:00:14]} 11. Bxc5 {[%clk 01:14:23]  [%emt 00:00:15]} 11...
Qxc5 { [%clk 01:24:33]  [%emt 00:00:07]} 12. Bd3 {[%clk 01:13:42]  [%emt
00:01:11]} 12... Nfe7 {[%clk 01:13:33]  [%emt 00:11:31]} 13. Re1 { [%clk
01:08:12]  [%emt 00:05:58]} 13... O-O {[%clk 01:04:53]  [%emt 00:09:11]} 14.
Na3 {[%clk 01:02:55]  [%emt 00:05:46]} 14... Na5 { [%clk 00:55:33]  [%emt
00:09:50]} 15. Rac1 {[%clk 00:54:11]  [%emt 00:09:14]} 15... Qb6 {[%clk
00:52:02]  [%emt 00:04:01]} 16. Qe2 { [%clk 00:50:33]  [%emt 00:04:07]} 16...
h6 {[%clk 00:48:05]  [%emt 00:04:29]} 17. Nd4 {[%clk 00:45:29]  [%emt
00:05:32]} 17... Rc7 { [%clk 00:38:45]  [%emt 00:09:51]} 18. Nab5 {[%clk
00:37:49]  [%emt 00:08:09]} 18... Bxb5 {[%clk 00:35:05]  [%emt 00:04:11]} 19.
Nxb5 { [%clk 00:38:03]  [%emt 00:00:17]} 19... Rd7 {[%clk 00:33:24]  [%emt
00:02:11]} 20. b4 {[%clk 00:33:53]  [%emt 00:04:39]} 20... Nac6 { [%clk
00:31:45]  [%emt 00:02:10]} 21. a3 {[%clk 00:28:11]  [%emt 00:06:12]} 21... a6
{[%clk 00:31:31]  [%emt 00:00:43]} 22. Nd4 { [%clk 00:20:17]  [%emt 00:08:24]}
22... Nxd4 {[%clk 00:31:22]  [%emt 00:00:39]} 23. cxd4 {[%clk 00:18:50]  [%emt
00:01:58]} 23... Qxd4 { [%clk 00:31:39]  [%emt 00:00:13]} 24. Red1 {[%clk
00:18:07]  [%emt 00:01:12]} 24... Qb6 {[%clk 00:30:14]  [%emt 00:01:55]} 25.
Qh5 { [%clk 00:16:45]  [%emt 00:01:52]} 25... Rc7 {[%clk 00:19:15]  [%emt
00:11:29]} 26. g4 {[%clk 00:13:19]  [%emt 00:03:57]} 26... Rxc1 { [%clk
00:18:31]  [%emt 00:01:14]} 27. Rxc1 {[%clk 00:13:36]  [%emt 00:00:12]} 27...
Qd4 {[%clk 00:18:12]  [%emt 00:00:49]} 28. Rd1 { [%clk 00:07:14]  [%emt
00:06:52]} 28... Qf4 {[%clk 00:12:12]  [%emt 00:06:31]} 29. Re1 {[%clk
00:05:06]  [%emt 00:02:37]} 29... Qg5 { [%clk 00:11:10]  [%emt 00:01:33]} 30.
Qh3 {[%clk 00:04:47]  [%emt 00:00:49]} 30... Ng6 {[%clk 00:09:59]  [%emt
00:01:41]} 31. Qg3 { [%clk 00:04:43]  [%emt 00:00:33]} 31... Rc8 {[%clk
00:09:07]  [%emt 00:01:22]} 32. Bxg6 {[%clk 00:03:13]  [%emt 00:02:01]} 32...
Qxg6 { [%clk 00:09:14]  [%emt 00:00:22]} 33. f4 {[%clk 00:03:38]  [%emt
00:00:06]} 33... Qc2 {[%clk 00:07:09]  [%emt 00:02:34]} 34. Rf1 { [%clk
00:02:20]  [%emt 00:01:48]} 34... Qd2 {[%clk 00:03:45]  [%emt 00:03:54]} 35. f5
{[%clk 00:01:34]  [%emt 00:01:16]} 35... Qd4+ { [%clk 00:03:18]  [%emt
00:00:57]} 36. Kg2 {[%clk 00:01:31]  [%emt 00:00:34]} 36... Rc2+ {[%clk
00:02:46]  [%emt 00:01:02]} 37. Kh3 { [%clk 00:01:53]  [%emt 00:00:08]} 37...
Rc3 {[%clk 00:01:58]  [%emt 00:01:17]} 38. Rf3 {[%clk 00:02:19]  [%emt
00:00:04]} 38... Rxf3 { [%clk 00:02:18]  [%emt 00:00:11]} 39. Qxf3 {[%clk
00:02:44]  [%emt 00:00:05]} 39... Qxe5 {[%clk 00:02:40]  [%emt 00:00:07]} 40.
Qd3 { [%clk 00:02:32]  [%emt 00:00:41]} 40... Qc7 {[%clk 00:00:41]  [%emt
00:02:30]} 41. fxe6 {[%clk 00:01:21]  [%emt 00:01:42]} 41... fxe6 { [%clk
00:00:56]  [%emt 00:00:14]} 42. Qe3 {[%clk 00:26:46]  [%emt 00:05:05]} 42... e5
{[%clk 00:31:08]  [%emt 00:00:19]} 43. Qd3 { [%clk 00:26:10]  [%emt 00:01:06]}
43... Qf7 {[%clk 00:24:54]  [%emt 00:06:43]} 44. Kg2 {[%clk 00:25:19]  [%emt
00:01:21]} 44... e4 { [%clk 00:24:50]  [%emt 00:00:34]} 45. Qe3 {[%clk
00:23:06]  [%emt 00:02:43]} 45... Qf3+ {[%clk 00:24:53]  [%emt 00:00:26]} 46.
Qxf3 { [%clk 00:23:28]  [%emt 00:00:09]} 46... exf3+ {[%clk 00:25:22]  [%emt
00:00:02] } 47. Kxf3 {[%clk 00:23:42]  [%emt 00:00:16]} 47... Kf7 { [%clk
00:25:42]  [%emt 00:00:10]} 48. Ke3 {[%clk 00:21:26]  [%emt 00:04:36]} 48...
Ke6 49. Kd4 {[%clk 00:21:28]} 49... b6 {[%clk 00:24:04]  [%emt 00:01:14]} 50.
a4 {[%clk 00:20:35]  [%emt 00:01:23]} 50... Kd6 { [%clk 00:24:15]  [%emt
00:00:20]} 51. h4 {[%clk 00:18:29]  [%emt 00:02:36]} 51... g6 {[%clk 00:23:18] 
[%emt 00:01:26]} 0-1

[Event "DVM U20w 2020"]
[Site "Willingen GER"]
[Date "2021.06.24"]
[Round "2"]
[White "Peglau, Charis"]
[Black "Pavlov, Liliane"]
[Result "1-0"]
[Termination "normal"]
[Board "1.4"]
[WhiteElo "1726"]
[BlackElo "1740"]
[WhiteClock "00:01:37"]
[BlackClock "00:16:07"]
[WhiteTeam "Schachzentrum Seeblick e. V."]
[BlackTeam "SC Bavaria Regensburg von 1881 e.V."]
[PlyCount "109"]
[WhiteFideId "16219996"]
[BlackFideId "16225449"]
[EventCountry "GER"]
[EventRounds "7"]
[EventType "team-swiss"]
[EventDate "2021.06.23"]

1. e4 {[%clk 01:30:53]  [%emt 00:00:05]} 1... c5 { [%clk 01:30:50]  [%emt
00:00:11]} 2. Nf3 {[%clk 01:31:17]  [%emt 00:00:05]} 2... d6 {[%clk 01:31:14] 
[%emt 00:00:06]} 3. d4 { [%clk 01:31:42]  [%emt 00:00:05]} 3... cxd4 {[%clk
01:31:38]  [%emt 00:00:06]} 4. Nxd4 {[%clk 01:32:07]  [%emt 00:00:06]} 4... Nf6
{ [%clk 01:32:00]  [%emt 00:00:08]} 5. f3 {[%clk 01:32:22]  [%emt 00:00:15]}
5... a6 {[%clk 01:32:06]  [%emt 00:00:24]} 6. c4 {[%clk 01:30:36]  [%emt
00:02:15]} 6... e5 {[%clk 01:31:20]  [%emt 00:01:16]} 7. Nc2 { [%clk 01:30:11] 
[%emt 00:00:55]} 7... Be7 {[%clk 01:29:17]  [%emt 00:02:33]} 8. Be3 {[%clk
01:28:58]  [%emt 00:01:44]} 8... Be6 { [%clk 01:28:12]  [%emt 00:01:35]} 9. Nc3
{[%clk 01:27:32]  [%emt 00:01:55]} 9... Nbd7 {[%clk 01:25:58]  [%emt 00:02:44]}
10. Be2 { [%clk 01:23:00]  [%emt 00:05:02]} 10... Rc8 {[%clk 01:21:53]  [%emt
00:04:34]} 11. Nd5 {[%clk 01:20:09]  [%emt 00:03:22]} 11... O-O { [%clk
01:17:01]  [%emt 00:05:21]} 12. O-O {[%clk 01:19:48]  [%emt 00:00:51]} 12...
Bxd5 {[%clk 01:10:29]  [%emt 00:07:03]} 13. cxd5 { [%clk 01:19:14]  [%emt
00:01:04]} 13... Nc5 {[%clk 01:09:04]  [%emt 00:01:55]} 14. Rc1 {[%clk
01:14:08]  [%emt 00:05:36]} 14... Nfd7 { [%clk 01:02:57]  [%emt 00:06:36]} 15.
Bd3 {[%clk 00:55:32]  [%emt 00:19:07]} 15... Bg5 {[%clk 00:57:57]  [%emt
00:05:30]} 16. Qd2 { [%clk 00:46:10]  [%emt 00:09:52]} 16... Bxe3+ {[%clk
00:57:03]  [%emt 00:01:23] } 17. Nxe3 {[%clk 00:46:22]  [%emt 00:00:19]} 17...
Nxd3 { [%clk 00:56:35]  [%emt 00:00:58]} 18. Qxd3 {[%clk 00:46:26]  [%emt
00:00:27]} 18... Nc5 {[%clk 00:56:16]  [%emt 00:00:48]} 19. Qe2 { [%clk
00:46:11]  [%emt 00:00:45]} 19... b5 {[%clk 00:53:09]  [%emt 00:03:38]} 20. b4
{[%clk 00:39:50]  [%emt 00:06:51]} 20... Nd7 { [%clk 00:45:35]  [%emt
00:08:03]} 21. Nf5 {[%clk 00:27:01]  [%emt 00:13:19]} 21... Kh8 {[%clk
00:40:28]  [%emt 00:05:37]} 22. Rxc8 { [%clk 00:24:45]  [%emt 00:02:46]} 22...
Qb6+ {[%clk 00:38:37]  [%emt 00:02:20]} 23. Qf2 {[%clk 00:21:54]  [%emt
00:03:21]} 23... Qxf2+ { [%clk 00:38:13]  [%emt 00:00:55]} 24. Rxf2 {[%clk
00:21:54]  [%emt 00:00:30]} 24... Rxc8 {[%clk 00:38:13]  [%emt 00:00:30]} 25.
Nxd6 { [%clk 00:22:14]  [%emt 00:00:10]} 25... Rc1+ {[%clk 00:38:09]  [%emt
00:00:34]} 26. Rf1 {[%clk 00:22:38]  [%emt 00:00:06]} 26... Rxf1+ { [%clk
00:38:06]  [%emt 00:00:32]} 27. Kxf1 {[%clk 00:23:04]  [%emt 00:00:05]} 27...
f6 {[%clk 00:38:19]  [%emt 00:00:17]} 28. Nb7 { [%clk 00:17:21]  [%emt
00:06:13]} 28... Kg8 {[%clk 00:38:20]  [%emt 00:00:29]} 29. Nc5 {[%clk
00:17:17]  [%emt 00:00:33]} 29... Nb8 { [%clk 00:38:36]  [%emt 00:00:14]} 30.
Ke2 {[%clk 00:17:40]  [%emt 00:00:08]} 30... Kf7 {[%clk 00:38:53]  [%emt
00:00:11]} 31. Kd3 { [%clk 00:17:35]  [%emt 00:00:36]} 31... Ke7 {[%clk
00:38:51]  [%emt 00:00:32]} 32. Kc3 {[%clk 00:17:30]  [%emt 00:00:36]} 32... g6
{ [%clk 00:36:38]  [%emt 00:02:43]} 33. Kb3 {[%clk 00:17:21]  [%emt 00:00:39]}
33... Kd6 {[%clk 00:36:53]  [%emt 00:00:15]} 34. a4 { [%clk 00:15:27]  [%emt
00:02:25]} 34... h5 {[%clk 00:35:30]  [%emt 00:01:52]} 35. a5 {[%clk 00:14:01] 
[%emt 00:01:57]} 35... Ke7 { [%clk 00:32:33]  [%emt 00:03:26]} 36. Kc3 {[%clk
00:14:05]  [%emt 00:00:25]} 36... Kd6 {[%clk 00:32:29]  [%emt 00:00:35]} 37.
Kd3 { [%clk 00:13:47]  [%emt 00:00:49]} 37... Ke7 {[%clk 00:31:22]  [%emt
00:01:36]} 38. Ke3 {[%clk 00:12:39]  [%emt 00:01:38]} 38... g5 { [%clk
00:25:52]  [%emt 00:06:00]} 39. g3 {[%clk 00:12:35]  [%emt 00:00:34]} 39... Kd6
{[%clk 00:25:20]  [%emt 00:01:02]} 40. Ne6 { [%clk 00:08:25]  [%emt 00:04:40]}
40... Ke7 {[%clk 00:22:07]  [%emt 00:03:43]} 41. Ng7 {[%clk 00:08:24]  [%emt
00:00:31]} 41... Kf7 { [%clk 00:19:44]  [%emt 00:02:52]} 42. Nxh5 {[%clk
00:04:22]  [%emt 00:04:32]} 42... Kg6 {[%clk 00:20:05]  [%emt 00:00:10]} 43. g4
{ [%clk 00:04:46]  [%emt 00:00:06]} 43... Nd7 {[%clk 00:19:23]  [%emt
00:01:12]} 44. Ng3 {[%clk 00:04:43]  [%emt 00:00:33]} 44... Kf7 { [%clk
00:19:05]  [%emt 00:00:48]} 45. Nf5 {[%clk 00:04:31]  [%emt 00:00:41]} 45...
Nf8 {[%clk 00:19:18]  [%emt 00:00:17]} 46. h4 { [%clk 00:03:19]  [%emt
00:01:43]} 46... gxh4 {[%clk 00:19:31]  [%emt 00:00:16]} 47. Nxh4 {[%clk
00:03:43]  [%emt 00:00:06]} 47... Ke7 { [%clk 00:19:35]  [%emt 00:00:26]} 48.
f4 {[%clk 00:02:52]  [%emt 00:01:22]} 48... Nh7 {[%clk 00:18:59]  [%emt
00:01:06]} 49. Nf3 { [%clk 00:02:17]  [%emt 00:01:04]} 49... exf4+ {[%clk
00:18:00]  [%emt 00:01:30] } 50. Kxf4 {[%clk 00:02:44]  [%emt 00:00:03]} 50...
Nf8 { [%clk 00:18:03]  [%emt 00:00:26]} 51. Nh4 {[%clk 00:01:55]  [%emt
00:01:19]} 51... Nd7 {[%clk 00:18:13]  [%emt 00:00:21]} 52. Ng6+ { [%clk
00:00:50]  [%emt 00:01:35]} 52... Kf7 {[%clk 00:18:16]  [%emt 00:00:27]} 53.
Kf5 {[%clk 00:01:11]  [%emt 00:00:09]} 53... Nb8 { [%clk 00:16:14]  [%emt
00:02:31]} 54. e5 {[%clk 00:01:13]  [%emt 00:00:29]} 54... fxe5 {[%clk
00:16:07]  [%emt 00:00:36]} 55. Nxe5+ { [%clk 00:01:37]  [%emt 00:00:07]} 1-0

[Event "DVM U20w 2020"]
[Site "Willingen GER"]
[Date "2021.06.24"]
[Round "2"]
[White "Wagner, Margarethe"]
[Black "Reinecke, Katharina"]
[Result "1/2-1/2"]
[Termination "normal"]
[Board "2.1"]
[WhiteElo "1841"]
[BlackElo "1950"]
[WhiteClock "00:08:07"]
[BlackClock "00:06:08"]
[WhiteTeam "Erfurter Schachklub"]
[BlackTeam "SK Langen"]
[PlyCount "66"]
[WhiteFideId "16236947"]
[BlackFideId "12929727"]
[EventCountry "GER"]
[EventRounds "7"]
[EventType "team-swiss"]
[EventDate "2021.06.23"]

1. e4 {[%emt 00:00:02]} 1... c6 {[%clk 01:30:56]  [%emt 00:00:03]} 2. d4 {
[%clk 01:31:20]  [%emt 00:00:06]} 2... d5 {[%clk 01:31:21]  [%emt 00:00:06]} 3.
exd5 {[%clk 01:31:32]  [%emt 00:00:19]} 3... cxd5 { [%clk 01:31:46]  [%emt
00:00:04]} 4. Bd3 {[%clk 01:31:51]  [%emt 00:00:12]} 4... Qc7 {[%clk 01:30:59] 
[%emt 00:01:16]} 5. Nf3 { [%clk 01:30:06]  [%emt 00:02:16]} 5... Nc6 {[%clk
01:30:14]  [%emt 00:01:14]} 6. c3 {[%clk 01:29:40]  [%emt 00:00:57]} 6... Bg4 {
[%clk 01:27:25]  [%emt 00:03:19]} 7. h3 {[%clk 01:27:24]  [%emt 00:02:46]} 7...
Bh5 {[%clk 01:26:44]  [%emt 00:01:10]} 8. O-O {[%clk 01:22:25]  [%emt 00:05:30]
} 8... Nf6 {[%clk 01:24:52]  [%emt 00:02:22]} 9. Re1 { [%clk 01:20:48]  [%emt
00:02:07]} 9... e6 {[%clk 01:22:30]  [%emt 00:02:52]} 10. Bg5 {[%clk 01:19:07] 
[%emt 00:02:11]} 10... Be7 { [%clk 01:21:55]  [%emt 00:01:05]} 11. Nbd2 {[%clk
01:15:21]  [%emt 00:04:16]} 11... Bg6 {[%clk 01:18:09]  [%emt 00:04:16]} 12.
Qe2 { [%clk 01:07:45]  [%emt 00:08:05]} 12... O-O {[%clk 01:17:21]  [%emt
00:01:18]} 13. Bxg6 {[%clk 01:02:11]  [%emt 00:06:05]} 13... hxg6 { [%clk
01:17:36]  [%emt 00:00:15]} 14. Ne5 {[%clk 00:57:55]  [%emt 00:04:45]} 14...
Bd6 {[%clk 01:11:47]  [%emt 00:06:19]} 15. Kh1 { [%clk 00:45:41]  [%emt
00:12:46]} 15... a6 {[%clk 01:04:31]  [%emt 00:07:44]} 16. Bf4 {[%clk 00:38:15]
 [%emt 00:07:56]} 16... Bxe5 { [%clk 00:53:49]  [%emt 00:11:12]} 17. Bxe5
{[%clk 00:37:07]  [%emt 00:01:39]} 17... Nxe5 {[%clk 00:53:58]  [%emt
00:00:21]} 18. dxe5 { [%clk 00:36:39]  [%emt 00:00:58]} 18... Nd7 {[%clk
00:51:44]  [%emt 00:02:43]} 19. Nb3 {[%clk 00:34:57]  [%emt 00:02:13]} 19...
Rac8 {[%emt 00:05:19]} 20. Rad1 {[%clk 00:32:03]  [%emt 00:03:22]} 20... Qc4 {
[%clk 00:40:05]  [%emt 00:07:21]} 21. Qc2 {[%clk 00:27:01]  [%emt 00:05:33]}
21... Qf4 {[%clk 00:37:12]  [%emt 00:03:23]} 22. Rd4 { [%clk 00:26:11]  [%emt
00:01:20]} 22... Qf5 {[%clk 00:36:38]  [%emt 00:01:04]} 23. Qe2 {[%clk
00:23:10]  [%emt 00:03:31]} 23... Qg5 { [%clk 00:28:01]  [%emt 00:09:07]} 24.
h4 {[%clk 00:20:27]  [%emt 00:03:13]} 24... Qh5 {[%clk 00:24:46]  [%emt
00:03:45]} 25. Qxh5 { [%clk 00:13:35]  [%emt 00:07:22]} 25... gxh5 {[%clk
00:25:08]  [%emt 00:00:09]} 26. Na5 {[%clk 00:12:34]  [%emt 00:01:30]} 26...
Rc7 { [%clk 00:24:31]  [%emt 00:01:06]} 27. Kh2 {[%clk 00:10:58]  [%emt
00:02:06]} 27... Rfc8 {[%clk 00:21:03]  [%emt 00:03:58]} 28. Kg3 { [%clk
00:10:37]  [%emt 00:00:52]} 28... b6 {[%clk 00:18:34]  [%emt 00:02:59]} 29. Nb3
{[%clk 00:10:56]  [%emt 00:00:10]} 29... Rc4 { [%clk 00:15:50]  [%emt
00:03:15]} 30. Rxc4 {[%clk 00:09:02]  [%emt 00:02:24]} 30... Rxc4 {[%clk
00:15:14]  [%emt 00:01:06]} 31. Nd4 { [%clk 00:08:53]  [%emt 00:00:39]} 31...
b5 {[%clk 00:13:57]  [%emt 00:01:47]} 32. a3 {[%clk 00:08:18]  [%emt 00:01:05]}
32... Nc5 { [%clk 00:06:43]  [%emt 00:07:43]} 33. Re3 {[%clk 00:08:07]  [%emt
00:00:41]} 33... Ne4+ {[%clk 00:06:08]  [%emt 00:01:05]} 1/2-1/2